| 000 | 00662nam a2200229 a 4500 | ||
|---|---|---|---|
| 001 | 13950 | ||
| 003 | BD-JhCC | ||
| 005 | 20240518124754.0 | ||
| 008 | 171021s2008 bg ||| ||a| 000 0 ben d | ||
| 020 | _a9844152410 | ||
| 035 | _a(BD-JhCC)13950 | ||
| 040 |
_aBD-JhCC _dBD-JhCC |
||
| 041 | _aben | ||
| 082 |
_a954.92 _bSAL 2008 |
||
| 100 | _aগোলাম হোসায়ন সলীম | ||
| 245 |
_aবাংলার ইতিহাস / _bগোলাম হোসায়ন সলীম |
||
| 260 |
_aঢাকা : _bঅবসর; _c2008. |
||
| 300 |
_a400 p. : _c21 cm. |
||
| 650 | _aBangladesh History | ||
| 942 |
_2ddc _cBK |
||
| 999 |
_c13950 _d13950 |
||